|
|
|
|
| LEADER |
01294nam a22002777a 4500 |
| 001 |
37478 |
| 003 |
BD-DhAAL |
| 005 |
20220113153044.0 |
| 008 |
210311t2020 ii d|||| |||| 000 0 eng d |
| 999 |
|
|
|c 43220
|d 43220
|
| 020 |
|
|
|a 9789390122608
|
| 040 |
|
|
|a BD-DhAAL
|
| 082 |
|
|
|a 338.095492
|2 21
|
| 245 |
|
|
|a Bangladesh at 50 :
|b Development and Challenges /
|c edited by S. Narayan and Sreeradha Datta with a forword by Rehman Sobhan
|
| 260 |
|
|
|a Hyderabad, India :
|b Orient Blackswan,
|c c2020.
|
| 300 |
|
|
|a xvii, 263 pages :
|b illustrations ;
|c 22 cm.
|
| 504 |
|
|
|a Includes bibliographical references ( pages 260-263)
|
| 541 |
|
|
|a Gift from Dr. Salehuddin Ahmed
|e 37478
|
| 651 |
|
|
|a Bangladesh
|x Economic conditions
|v Congresses.
|9 41023
|
| 651 |
|
|
|a Bangladesh
|x Politics and government
|y 1971-
|v Congresses.
|9 41024
|
| 651 |
|
|
|a Bangladesh
|x Social conditions
|y Congresses.
|9 41025
|
| 700 |
|
|
|a Narayan S.
|e editor
|9 41026
|
| 700 |
|
|
|a Datta, Sreeradha
|e editor.
|9 41027
|
| 852 |
|
|
|a Ayesha Abed Library
|c General stacks
|
| 942 |
|
|
|2 ddc
|c BK
|
| 952 |
|
|
|0 0
|1 0
|2 ddc
|4 0
|6 338_095492000000000_BAN
|7 0
|9 69307
|a BRACUL
|b BRACUL
|c GEN
|d 2021-03-11
|e Complimentary copy from Dr. Salehuddin Ahmed
|l 1
|m 29
|o 338.095492 BAN
|p 3010037478
|r 2026-02-16
|s 2025-06-25
|t 1
|w 2021-03-11
|y BK
|x Complimentary copy from Dr. Salehuddin Ahmed
|